000 00721nmc a2200265 a 4500
003 AR-BaBNM
005 20251128204529.0
008 011101s1991 ||||||||||||||000 | spa||
020 _a950-16-3062-5
040 _cAR-BaBNM
100 1 _aCasali, Eduardo
245 1 0 _aDel juego al deporte
_bactividades para nivel primario
_n1
260 _aBuenos Aires
_bTroquel
_c1991
300 _a176 p.
_bil., gráfs., cuadros
490 0 _aTroquel educación
650 4 _aDESARROLLO DE DESTREZAS
650 4 _aACTIVIDADES DEPORTIVAS
650 4 _aDESTREZAS PSICOMOTRICES
650 4 _aJUEGO
650 4 _aEDUCACION FISICA
653 _aEDUCACION PRIMARIA
700 1 _aBaratti, Abel
942 _cBK
998 _cGrace
999 _c7796
_d7796